Welcome to the Holygrace Academy Library

Please use search bar below to get started

THEA STILTON AND THE GREAT TULIP HEIST (Record no. 8722)

MARC details
000 -LEADER
fixed length control field 00366nam a22001337a 4500
082 ## - DEWEY DECIMAL CLASSIFICATION NUMBER
Classification number 823
Item number DAM/T
100 ## - MAIN ENTRY--AUTHOR NAME
Personal name DAMI, ELISABETTA
245 ## - TITLE STATEMENT
Title THEA STILTON AND THE GREAT TULIP HEIST
246 ## - VARYING FORM OF TITLE
Title proper/short title THEA STILTON AND THE GREAT TULIP HEIST
Remainder of title THEA STILTON AND THE GREAT TULIP HEIST
260 ## - PUBLICATION, DISTRIBUTION, ETC. (IMPRINT)
Place of publication U K
Name of publisher SCHOLASTIC
300 ## - PHYSICAL DESCRIPTION
Number of Pages 158
650 ## - SUBJECT ADDED ENTRY--TOPICAL TERM
Topical Term ENGLISH FICTION
942 ## - ADDED ENTRY ELEMENTS (KOHA)
Koha item type Books

No items available.